[Event "Khanty-Mansiysk Governor Cup 7th"]
[Site "Khanty-Mansiysk"]
[Date "2011.09.03"]
[Round "4"]
[White "Burdiyan, Anatoliy"]
[Black "Sukhareva, Evgenia"]
[Result "0-1"]
[WhiteElo "1891"]
[BlackElo "2180"]
[PlyCount "82"]
[EventDate "2011.08.31"]
[EventType "swiss"]
[EventRounds "9"]
[EventCountry "RUS"]
[SourceTitle "CBM 144 Extra"]
[Source "ChessBase"]
[SourceDate "2011.10.28"]
[SourceVersion "1"]
[SourceVersionDate "2011.10.28"]
[SourceQuality "1"]

1. e4 c5 2. f4 a6 3. Nf3 b5 4. c3 Bb7 5. d3 e6 6. Qc2 d5 7. e5 Nc6 8. Be3 d4 9. Bf2 Nge7 10. Be2 Nd5 11. Qd2 Qb6 12. 0-0 Be7 13. Na3 Qa5 14. Nb1 Qb6 15. Rc1 0-0 16. b3 b4 17. cxb4 cxb4 18. Rc4 Bc5 19. Ng5 Nc3 20. Bf3 Na5 21. Qe1 Nxc4 22. bxc4 Bxf3 23. Nxf3 a5 24. Nbd2 Rfd8 25. Nb3 a4 26. Nxc5 Qxc5 27. a3 b3 28. Nxd4 b2 29. Qxc3 bxa1Q+ 30. Qxa1 Qc7 31. Nb5 Qc6 32. Qb1 Rab8 33. Kf1 Rb7 34. Be1 Qd7 35. Ke2 Rdb8 36. Bb4 Qc6 37. Kf2 Rxb5 38. cxb5 Rxb5 39. d4 Qc4 40. Qe4 Rd5 41. Bc5 Rxc5 0-1

[Event "Khanty-Mansiysk Governor Cup 7th"]
[Site "Khanty-Mansiysk"]
[Date "2011.09.02"]
[Round "3"]
[White "Demianjuk, Alexander"]
[Black "Burdiyan, Anatoliy"]
[Result "1/2-1/2"]
[WhiteElo "2317"]
[BlackElo "1891"]
[PlyCount "69"]
[EventDate "2011.08.31"]
[EventType "swiss"]
[EventRounds "9"]
[EventCountry "RUS"]
[SourceTitle "CBM 144 Extra"]
[Source "ChessBase"]
[SourceDate "2011.10.28"]
[SourceVersion "1"]
[SourceVersionDate "2011.10.28"]
[SourceQuality "1"]

1. d4 d5 2. c4 c6 3. Nc3 Nf6 4. e3 e6 5. Nf3 Bd6 6. Bd3 Nbd7 7. 0-0 0-0 8. e4 dxe4 9. Nxe4 Nxe4 10. Bxe4 Be7 11. Qe2 Bf6 12. Bf4 Re8 13. Ne5 Nxe5 14. dxe5 Be7 15. Rfd1 Qb6 16. Rd3 g6 17. Rad1 Qc7 18. h4 Rd8 19. Bg5 Bxg5 20. hxg5 Re8 21. Qd2 Qxe5 22. Rd8 Bd7 23. Rxd7 Qxe4 24. b3 b5 25. c5 Qe5 26. b4 a5 27. f4 Qf5 28. a3 axb4 29. axb4 Qe4 30. Rd4 Qf5 31. Qe2 e5 32. Re4 Ra2 33. Qf3 Ra3 34. Qe2 Ra2 35. Qf3 1/2-1/2

[Event "Khanty-Mansiysk Governor Cup 7th"]
[Site "Khanty-Mansiysk"]
[Date "2011.09.01"]
[Round "2"]
[White "Burdiyan, Anatoliy"]
[Black "Levchenko, Evgeny"]
[Result "1-0"]
[WhiteElo "1891"]
[BlackElo "2173"]
[PlyCount "135"]
[EventDate "2011.08.31"]
[EventType "swiss"]
[EventRounds "9"]
[EventCountry "RUS"]
[SourceTitle "CBM 144 Extra"]
[Source "ChessBase"]
[SourceDate "2011.10.28"]
[SourceVersion "1"]
[SourceVersionDate "2011.10.28"]
[SourceQuality "1"]

1. e4 c5 2. f4 Nc6 3. Nf3 d6 4. c3 Nf6 5. d3 g6 6. Be2 Bg7 7. Qc2 b5 8. 0-0 0-0 9. Kh1 b4 10. Be3 Ng4 11. Bg1 f5 12. h3 Nh6 13. Bh2 Bb7 14. Nbd2 Rc8 15. Ng5 Qd7 16. Rae1 e6 17. Bd1 Nd8 18. Qb3 bxc3 19. bxc3 Nhf7 20. Ngf3 Rb8 21. Qa3 Kh8 22. Bc2 d5 23. exf5 gxf5 24. d4 c4 25. Ne5 Nxe5 26. fxe5 Rg8 27. Bf4 Bf8 28. Qc1 Qg7 29. Rg1 Qe7 30. Nf3 Nf7 31. Kh2 Bc6 32. Re2 Qa3 33. Qe1 Rb2 34. Bc1 Rxc2 35. Rxc2 Qa4 36. Re2 Qa5 37. g3 Qd8 38. Reg2 Be8 39. g4 fxg4 40. Rxg4 Rxg4 41. Rxg4 Nh6 42. Rg2 Nf5 43. Ng5 Qd7 44. Qg1 Bg6 45. Nf3 Be7 46. Rf2 Qe8 47. Bg5 Bxg5 48. Qxg5 Qe7 49. Rb2 Kg7 50. Qxe7+ Nxe7 51. Rb7 Kf8 52. Ng5 Bf5 53. Rxa7 h6 54. Nf3 Ng6 55. Kg3 Be4 56. Nh4 Ne7 57. Rc7 Ke8 58. a4 Kd8 59. Rc5 Kd7 60. a5 Nc6 61. a6 Na7 62. Ng2 Bc2 63. Nf4 Ba4 64. Kh4 Bd1 65. Nh5 Ba4 66. Nf6+ Kd8 67. Kh5 Bb5 68. Kxh6 1-0